| 000 | 00611nam a2200205Ia 4500 | ||
|---|---|---|---|
| 003 | GCL | ||
| 008 | 140319s9999 xx 000 0 ara d | ||
| 040 |
_aGCL / _cGCL |
||
| 082 | 0 | 4 |
_a811.009 _bس د |
| 100 | 1 | _aسعد مصلوح | |
| 245 | 1 | 0 |
_aدراسات نقدية فى اللسانيات العربية المعاصرة / _cسعد مصلوح |
| 260 |
_a[S.N] : _bعالم الكتب الحديث ، _c1989 |
||
| 300 | _a297 ص | ||
| 490 | _a | ||
| 650 | 0 | 4 | _aالشعر العربى |
| 650 | 0 | 4 | _aالادب العربى |
| 650 | 0 | 4 | _aالادب |
| 650 | 0 | 4 | _aتاريخ ونقد |
| 942 |
_2ddc _cBK |
||
| 999 |
_c32414 _d32414 |
||